| 000 | 00644nam a2200205 a 4500 | ||
|---|---|---|---|
| 005 | 20241205085138.0 | ||
| 008 | 991125s1980 mx 000 0 spa u | ||
| 035 | _aUPN01000006648 | ||
| 049 | _aCG | ||
| 050 | 4 |
_aHB501 _bC32 1980 |
|
| 245 | 0 | 0 |
_aCapitalismo, atraso y dependencia en América Latina / _cAlonso Aguilar M. ... [et al.]. |
| 250 | _a2a ed. | ||
| 260 |
_aMéxico : _bUNAM, Instituto de Investigaciones Económicas, _c1980. |
||
| 300 | _a245 p. | ||
| 650 | 4 |
_aCapitalismo _96436 |
|
| 650 | 2 |
_aDependencia _913256 |
|
| 651 | 4 |
_aAmérica Latina _91068 |
|
| 700 | 1 |
_aAguilar Monteverde, Alonso, _d1922- _ecoaut. _928520 |
|
| 905 | _aLibro | ||
| 999 |
_c6648 _d6648 |
||